00417cam a22001337a 4500008004000000082001200040100002000052245007200072260002800144300001000172650005500182650003100237650001500268180718b1966 xxu||||| |||| 00| 0 eng d aD45 C84 aCrabb, Cecil V. aElephants and the grass: a study of nonalignmentcby Cecil V. Crabb aNew YorkbPraegerc1966 a237p. aNewly independent states --Politics and government aWorld politics --1955-1965 aNeutrality